000 00899nam a2200265 a 4500
008 000221s1999 m yxo ra 0 slo c
020 _a8085218453
_c149
020 _a8085218445
040 _aSNK
_bslo
_cSNK
_eAACR2
041 1 _aslo
_hfre
044 _axo
_cSK
080 _a840-3
100 1 _aBenzoni, Juliette
_4aut
240 1 0 _aLa chambre de la reine
_lSlovensky
245 1 0 _aŠtátne tajomstvo
_n1
_pKomnata kráľovnej
_cJuliette Benzoni ; [z francúzskeho vydania preložila Anna Lerchová]
260 _aBratislava
_bRemedium
_c1999
300 _a240 s.
_c21 cm
500 _aZväzok knihy označený srdiečkom
500 _aÚdaj o prekl. prevzatý z rubu tit. strany
650 0 7 _aromány historické francúzske
_2SNK
700 1 _aLerchová, Anna
_4trl
730 _tLa chambre de la reine
765 0 _tLa chambre de la reine. Secret d'Etat
_aBenzoni, Juliette
958 _aAUL
999 _c8050
_d8050